00701nam a2200193 i 450000100060000000300090000600500170001500700030003200800410003510000460007624500570012226000610017930000270024049000370026783000450030485200210034999900170037095201200038747748ES-MaACL20230906161625.0t|030521q1915 sp ||||1| spa d1 aBlanco Fombona, Rufino,d1874-194492925113aEl hombre de oro b: (novela) / cR. Blanco-Fombona. aMadrid : bEditorial América, c[1915?] (fJuan Pueyo) aXIV, 412 p. ; c19 cm.1 aBiblioteca Andrés Bello ; v110 aBiblioteca Andrés Bello ; v119182215 aES-MaACLjF-8291 c47748d47748 00104070aATENEOMbATENEOMcSPP2d2008-01-17eSCl0oF-8291p1050243r2023-02-23 00:00:00w2023-02-23yMONOGRAFIA